000 00503cam a2200205ua 4500
001 891
005 20260515113235.0
008 110421n ii |||gr||||Z||||||eng
020 _a0-7069-2396-0
040 _cMAIN
082 _a320.954.
245 1 _aIndian government & politics.
_cBy D C Gupta.
250 _a6th.
260 _aDelhi.:
_bVikash.,983.
300 _a672 p.:
_c23 cm.
653 _aPolitical science.
653 _aIndian politiocs & Politics.
700 _aGupta, D C.,
942 _cBK
999 _c814
_d814